Teoría de sistemas : una introducción para las ciencias históricas y las humanidades /

Guardat en:
Dades bibliogràfiques
Autor principal: Becker, Frank (autor)
Altres autors: Reinhardt-Becker, Elke (autor) (autor)
Format: Llibre
Idioma:espanyol
Publicat: México : Universidad Iberoamericana Ciudad de México, 2016, c2016
Col·lecció:(El Giro Historiográfico)
Matèries:
Etiquetes: Afegir etiqueta
Sense etiquetes, Sigues el primer a etiquetar aquest registre!

MARC

LEADER 00000nam^a2200000^a^4500
001 000391290
005 20250521000000.0
009 20260310121210.483
020 |a 978-607-417-400-7 
037 |a Acervo ITESO - Biblioteca 
041 |a ESP 
082 |a 300. 1  |b BEC 
100 |a Becker, Frank  |e (autor) 
245 1 0 |a Teoría de sistemas :  |b una introducción para las ciencias históricas y las humanidades /  |c F. Becker, E. Reinhardt-Becker ; tr. por Katja Fristsche. 
264 4 |a México :  |b Universidad Iberoamericana Ciudad de México,  |c 2016, c2016 
300 |a 201 p. 
336 |a texto  |b txt  |2 rdacontenido 
337 |a sin mediación  |b n  |2 rdamedio 
338 |a volumen  |b nc  |2 rdasoporte 
440 3 |a (El Giro Historiográfico) 
500 |a Traducción de: Eine Einführung für die geschichts-und kulturwissenschaften 
521 |a 2019 BO Licenciatura en Ciencias de la Comunicación 
649 |a XX 
650 |a Teoría de Sistemas -  |x Tema Principal 
650 |a Sociedad -  |x Teoría 
650 |a Historia -  |x Metodología 
650 |a Sociología -  |x Teoría -  |x Tema Principal 
650 |a Luhmann, Niklas 
700 |a Reinhardt-Becker, Elke  |e (autor) 
910 |a Fondo General 
920 |a Impresos - Libros 
930 |a Colección General 
905 |a 101 
901 |a 0500285970  |b IT1  |c ACC  |i D83559  |u 20250521 
901 |a 0500318788  |b IT1  |c ACC  |i C164292  |u 20250521 
902 |a https://opac.biblio.iteso.mx/vufind/Record/000391290